Tiếng Anh trong hoạt động kinh doanh

Sách tập hợp có hệ thống các bài viết từ mục "Anh ngữ chuyên ngành" đăng trên Thời báo kinh tế Sài Gòn, theo từng chuyên mục: Banking, Foreign trade, Import - Export, Securities Market, Secretarial work, Business correspondence nhằm giúp độc giả đi t...

Celý popis

Uloženo v:
Podrobná bibliografie
Médium: Kniha
Jazyk:Undetermined
Vydáno: Thành phố Hồ Chí Minh Nhà xuất bản Thành phố Hồ Chí Minh,Thời báo kinh tế Sài Gòn 1998
Témata:
Tagy: Přidat tag
Žádné tagy, Buďte první, kdo otaguje tento záznam!
Thư viện lưu trữ: Trung tâm Học liệu Trường Đại học Cần Thơ
LEADER 01122nam a2200181Ia 4500
001 CTU_25122
008 210402s9999 xx 000 0 und d
020 |c 43000 
082 |a 428.24 
082 |b T306 
245 0 |a Tiếng Anh trong hoạt động kinh doanh 
245 0 |c Lê Văn Thài...[et al.] 
260 |a Thành phố Hồ Chí Minh 
260 |b Nhà xuất bản Thành phố Hồ Chí Minh,Thời báo kinh tế Sài Gòn 
260 |c 1998 
520 |a Sách tập hợp có hệ thống các bài viết từ mục "Anh ngữ chuyên ngành" đăng trên Thời báo kinh tế Sài Gòn, theo từng chuyên mục: Banking, Foreign trade, Import - Export, Securities Market, Secretarial work, Business correspondence nhằm giúp độc giả đi thẳng đến những từ vựng, thuật ngữ tiếng Anh cùng cách sử dụng của chúng trên một số lĩnh vực giao dịch kinh doanh 
650 |a english language - study and teaching 
980 |a Trung tâm Học liệu Trường Đại học Cần Thơ